000 00995nam a2200325 i 4500
003 EG-GICUC
005 20260310114554.0
008 260310s1990 Fr |||fr|||| 00| 0 eng d
040 _aEG-GiCUC
_beng
_cEG-GiCUC
_dEG-GiCUC
_erda
041 0 _aeng
082 0 4 _221
_a343.435056
_bWA . T
092 0 4 _221
099 _aLaw1 10 343.435056 WA . T 1990
100 0 _aWalid Amin Ruwayha
_eAuthor.
245 1 0 _aTerrorism And Hostage-Taking In The Middle-East /
_cDr. Walid Amin Ruwayha.
250 _aSecond Edition
264 1 _aFrance :
_bJ.C.I,
_c1990.
300 _a604 pages ;
_c24 cm.
336 _2rda content
_atext
337 _2rda media
_aComputer
338 _2rda carrier
_aOnline Resource
504 _aBibliography: pages 575-590.
546 _aText in English
650 1 _aTerrorism
_zMiddle East
_2qrmak
650 1 _aCriminal Law
_2qrmak
651 1 _2qrmak
856 4 0 _uhttps://fll.law.cu.edu.eg/fulltext/bks/B10-08224.pdf
905 _a54
942 _2ddc
_cBK
_e21
_n0
999 _c65963
_d65963